Top 15 der betroffenen Covid-19-Länder - 6. Oktober 2021 - Statistiken

Allgemein
  • Dieses Quiz wurde 15 mal gespielt
  • Das Durchschnittsergebnis liegt bei 16 aus 27
Antwortstatistiken
Land % Korrekt
Brasilien
100%
Deutschland
100%
Vereinigte Staaten
100%
Indien
90%
Italien
90%
Spanien
90%
Frankreich
80%
Mexiko
80%
Russland
80%
Argentinien
70%
Kolumbien
70%
Vereinigtes Königreich
70%
Belgien
60%
Iran
60%
Niederlande
60%
Türkei
60%
Tschechien
50%
Georgien
40%
Indonesien
40%
Schweden
40%
Slowenien
30%
Bahrain
20%
Estland
20%
Israel
20%
Litauen
20%
Uruguay
20%
Serbien
10%
Keine übereinstimmenden Quizze gefunden
Verteilung der Resultate
Anzahl Personen mit jedem Resultat
Perzentil nach korrekt beantworteten Fragen
Ihre Resultats-Entwicklung
Sie haben dieses Quiz noch nicht gespielt